Catálogo

Introduction to systems theory / (Registro nro. 69212)

Detalles MARC
000 -LEADER
fixed length control field 01235aam a2200325 i 4500
001 - CONTROL NUMBER
control field 69212
003 - CONTROL NUMBER IDENTIFIER
control field Mx-PuUPA
005 - DATE AND TIME OF LATEST TRANSACTION
control field 20240410104313.0
008 - FIXED-LENGTH DATA ELEMENTS--GENERAL INFORMATION
fixed length control field 201021s2013 enk||||gr|||| 001 0 spa d
020 ## - INTERNATIONAL STANDARD BOOK NUMBER
International Standard Book Number 9780745645728
Qualifying information rústica
040 ## - CATALOGING SOURCE
Original cataloging agency Mx-PuUPA
Language of cataloging spa
Transcribing agency Mx-PuUPA
Modifying agency Mx-PuUPA
Description conventions rda
041 1# - LANGUAGE CODE
Language code of text/sound track or separate title eng
Language code of original ger
100 1# - MAIN ENTRY--PERSONAL NAME
9 (RLIN) 10985
Personal name Luhmann, Niklas,
Dates associated with a name 1927-1998
Relator term autor
240 10 - UNIFORM TITLE
Uniform title Einführung in die systemtheorie.
Language of a work Inglés
245 10 - TITLE STATEMENT
Title Introduction to systems theory /
Statement of responsibility, etc. Niklas Luhmann ; edited by Dirk Baecker ; translated by Peter Gilgen
264 #1 - PRODUCTION, PUBLICATION, DISTRIBUTION, MANUFACTURE, AND COPYRIGHT NOTICE
Place of production, publication, distribution, manufacture Cambridge, UK :
Name of producer, publisher, distributor, manufacturer Polity Press,
Date of production, publication, distribution, manufacture, or copyright notice 2013
300 ## - PHYSICAL DESCRIPTION
Extent xx, 284 páginas ;
Dimensions 23 cm
336 ## - CONTENT TYPE
Fuente rdacontent
Content type term texto
Content type code txt
337 ## - MEDIA TYPE
Source rdamedia
Media type term sin medio
Media type code n
338 ## - CARRIER TYPE
Source rdacarrier
Carrier type term volumen
Carrier type code nc
650 #4 - SUBJECT ADDED ENTRY--TOPICAL TERM
Topical term or geographic name entry element Sistemas sociales
650 #4 - SUBJECT ADDED ENTRY--TOPICAL TERM
Topical term or geographic name entry element Teoría del sistema
700 1# - ADDED ENTRY--PERSONAL NAME
Personal name Baecker, Dirk,
Relator term editor
700 1# - ADDED ENTRY--PERSONAL NAME
Personal name Gilgen, Peter,
Relator term traducción
765 18 - ORIGINAL LANGUAGE ENTRY
Main entry heading Luhmann, Niklas, 1927-1998
Place, publisher, and date of publication Verlag : Carl-Auer-Systeme, 2002
Title Einführung in die systemtheorie.
942 ## - ADDED ENTRY ELEMENTS (KOHA)
Source of classification or shelving scheme Dewey Decimal Classification
Koha item type Libro
Classification part 301
Item part L9517
Existencias
Withdrawn status Lost status Source of classification or shelving scheme Damaged status Not for loan Collection code Home library Current library Shelving location Date acquired Source of acquisition Cost, normal purchase price Total Checkouts Full call number Barcode Date last seen Cost, replacement price Price effective from Koha item type Copy number
    Dewey Decimal Classification     General Biblioteca Karol Wojtyla Biblioteca Karol Wojtyla Sala general 06/08/2024 2 698.65   301 L9517 2013 101822 05/01/2026 698.65 06/08/2024 Libro  
    Dewey Decimal Classification     General Biblioteca Karol Wojtyla Biblioteca Karol Wojtyla Sala general 06/08/2024 2 698.65   301 L9517 2013 101823 05/01/2026 698.65 06/08/2024 Libro Ej.2